000 00352cam a2200169 4500
001 D12508
008 090401t xxu||||| |||| 00| 0 eng d
035 _a(Sirsi) u3886
041 _aeng
100 _aCreswell, W.T.
245 _aExtras
260 _bThe Builder Ltd
_cnd
350 _a0
520 _aShelf 114
942 _n0
948 _c04/03/1997
999 _c85960
_d85960